| 000 | 00807 a2200229 4500 | ||
|---|---|---|---|
| 020 | _a0805303219 | ||
| 082 | 0 | 0 | _a005.1 |
| 090 |
_c314 _d314 |
||
| 100 | 1 | _aHelman, Paul. | |
| 245 | 1 | 0 |
_aIntermediate problem solving and data structures : _bwalls and mirrors / _cPaul Helman, Robert Veroff, Frank M. Carrano. |
| 250 | _a2nd ed. | ||
| 260 |
_aRedwood City, Calif. : _bBenjamin/Cummings Pub. Co., _cc1991. |
||
| 300 |
_axxv, 659, A41, I-8 p. : _bill. (some col.) ; _c27 cm. |
||
| 440 | 4 | _aThe Benjamin/Cummings series in computer science | |
| 500 | _a"Published simultaneously in Canada"--T.p. verso. | ||
| 500 | _aIncludes index. | ||
| 650 | 0 | _aComputer programming. | |
| 650 | 0 | _aData structures (Computer science) | |
| 700 | 1 | _aVeroff, Robert. | |
| 700 | 1 | _aCarrano, Frank M. | |
| 942 |
_cBK _k005.73 HEL |
||
| 999 |
_c4308 _d4308 |
||